000 00510nam a22001817a 4500
003 OSt
005 20140310181754.0
008 130629t xxu||||| |||| 00| 0 eng d
020 _a9716300425
050 _aPL 5542
_b.So4 1996
082 _aFIL 899.2103
_bB59 1996
100 _aSoliven Blanco, Marivi
245 _aThe hunt for the hippocampus /
_cMarivi Soliven Blanco.
260 _aManila :
_bTahanan Books for Young Readers,
_c1996.
300 _a80 p. :
_c20 cm.
942 _2lcc
_cBK
999 _c3373
_d3373